000 00271nam a22001217a 4500
008 170310b xxu||||| |||| 00| 0 eng d
041 _aeng
080 _27TH
_a611
100 _a6
101 _aSHM
245 _aREVIEW OF MEDICAL PHYSIOLOGY
_cGANONG, W.F
942 _2udc
_cBK
999 _c7391
_d7391